Quizzes
Events
Quiz Creation
Community
Videos
Private Events
Remove Ads
Sign In
Join for FREE
Feedback
Dark Mode
Quiz Categories
Sports
Geography
Music
Movies
Television
Just For Fun
Miscellaneous
History
Literature
Language
Science
Gaming
Entertainment
Religion
Holiday
For Kids
Quiz Lab
Recent
Popular Today
Quiz Kudos Today
Editor Picks
Curator Picks
Quizzes by...
Day
Popularity
Type
Ratings
Length
Year
Community
Subscriptions
Recent Discussions
Orange Saloon
Badges
Playlists
Quests
Create
Leaderboards
Showdown
Live 5
Trivia Bingo
Activity
Puzzle Library
Sporcle Events
Private Events
Virtual Trivia
Globe League
Become a Host
Pub Owners
SporcleCon
Opinionation
Our Games
Videos
Blog
Mobile Apps
Partnerships
Remove Ads and Go Orange
Feedback
Sports
Athletes
MLB
NBA
NHL
NFL
Soccer
Sports Teams
WWE
NCAA
Football
Premier League
Basketball
Baseball
Hockey
Golf
Tennis
Cricket
Rugby
Auto Racing
Olympics
World Cup
Sports
Athletes
MLB
NBA
NHL
NFL
Soccer
Sports Teams
WWE
NCAA
Football
Premier League
Basketball
Baseball
Hockey
Golf
Tennis
Cricket
Rugby
Auto Racing
Olympics
World Cup
Random Quiz
Search Sporcle
×
Quiz Lab
Quiz Lab
Sports
Premier League
Type in answers that appear in a list
Type in answers that appear in a list
Classic
Best Score? Go Orange.
Name Wenger's first EPL XI for every season Stats
Name every Premier League Starting XI under Wenger?
By
SquawkaFootball
8m
231 Questions
2,197 Plays
2,197 Plays
2,197 Plays
Comments
Comments
Give Quiz Kudos
Give Quiz Kudos
-
- Ratings
hide this ad
Replay
Link that replays current quiz
Next Quiz
Link to next quiz in quiz playlist
You Got
0%
They Got
Avg Score
67%
Avg Friend Score
Upgrade to see
Score Distribution
Jump to the score distribution portion of the page
Score
0/231
Timer
08:00
0
Plays Today
Season
Player Name
% Correct
2000/
01
Thierry Henry
95.3%
2001/
02
Thierry Henry
95.3%
2002/
03
Thierry Henry
95.3%
2003/
04
Thierry Henry
95.3%
2004/
05
Thierry Henry
95.3%
2005/
06
Thierry Henry
95.3%
2006/
07
Thierry Henry
95.3%
1996/
97
David Seaman
91.9%
1997/
98
David Seaman
91.9%
1998/
99
David Seaman
91.9%
2000/
01
David Seaman
91.9%
2001/
02
David Seaman
91.9%
2002/
03
David Seaman
91.9%
2014/
15
Alexis Sanchez
90.9%
2016/
17
Alexis Sanchez
90.9%
2015/
16
Petr Cech
90.2%
2016/
17
Petr Cech
90.2%
2008/
09
Theo Walcott
89.5%
2012/
13
Theo Walcott
89.5%
2013/
14
Theo Walcott
89.5%
2016/
17
Theo Walcott
89.5%
1997/
98
Dennis Bergkamp
88.9%
1998/
99
Dennis Bergkamp
88.9%
1999/
00
Dennis Bergkamp
88.9%
2002/
03
Dennis Bergkamp
88.9%
2004/
05
Dennis Bergkamp
88.9%
2005/
06
Dennis Bergkamp
88.9%
2015/
16
Mesut Ozil
88.1%
2013/
14
Olivier Giroud
87.9%
2015/
16
Olivier Giroud
87.9%
2010/
11
Laurent Koscielny
86.3%
2011/
12
Laurent Koscielny
86.3%
2013/
14
Laurent Koscielny
86.3%
2014/
15
Laurent Koscielny
86.3%
2015/
16
Laurent Koscielny
86.3%
2001/
02
Robert Pires
85.9%
2003/
04
Robert Pires
85.9%
2005/
06
Robert Pires
85.9%
1996/
97
Tony Adams
84.8%
1998/
99
Tony Adams
84.8%
2000/
01
Tony Adams
84.8%
2001/
02
Tony Adams
84.8%
2004/
05
Francesc Fabregas
83.2%
2005/
06
Francesc Fabregas
83.2%
2006/
07
Francesc Fabregas
83.2%
2007/
08
Francesc Fabregas
83.2%
2009/
10
Francesc Fabregas
83.2%
2007/
08
Robin van Persie
83%
2009/
10
Robin van Persie
83%
2011/
12
Robin van Persie
83%
2001/
02
Sol Campbell
82.8%
2001/
02
Ashley Cole
82.8%
2002/
03
Ashley Cole
82.8%
2002/
03
Sol Campbell
82.8%
2003/
04
Sol Campbell
82.8%
2003/
04
Ashley Cole
82.8%
2004/
05
Ashley Cole
82.8%
2005/
06
Ashley Cole
82.8%
2012/
13
Per Mertesacker
82.5%
2013/
14
Per Mertesacker
82.5%
2015/
16
Per Mertesacker
82.5%
1996/
97
Patrick Vieira
81.6%
1997/
98
Patrick Vieira
81.6%
1998/
99
Patrick Vieira
81.6%
1999/
00
Patrick Vieira
81.6%
2000/
01
Patrick Vieira
81.6%
2001/
02
Patrick Vieira
81.6%
2002/
03
Patrick Vieira
81.6%
2003/
04
Patrick Vieira
81.6%
2003/
04
Jens Lehmann
81.5%
2004/
05
Jens Lehmann
81.4%
2005/
06
Jens Lehmann
81.4%
2006/
07
Jens Lehmann
81.4%
2007/
08
Jens Lehmann
81.4%
2016/
17
Hector Bellerin
80.4%
2015/
16
Nacho Monreal
79.7%
2016/
17
Nacho Monreal
79.7%
Season
Player Name
% Correct
2011/
12
Aaron Ramsey
76.5%
2013/
14
Aaron Ramsey
76.5%
2014/
15
Aaron Ramsey
76.5%
2015/
16
Aaron Ramsey
76.5%
2016/
17
Aaron Ramsey
76.5%
2012/
13
Santi Cazorla
75.6%
2014/
15
Santi Cazorla
75.6%
2015/
16
Santi Cazorla
75.6%
2011/
12
Kieran Gibbs
72.9%
2012/
13
Kieran Gibbs
72.9%
2013/
14
Kieran Gibbs
72.9%
2014/
15
Kieran Gibbs
72.9%
1999/
00
Fredrik Ljungberg
72.6%
2000/
01
Fredrik Ljungberg
72.6%
2001/
02
Fredrik Ljungberg
72.6%
2003/
04
Fredrik Ljungberg
72.6%
2004/
05
Fredrik Ljungberg
72.6%
2005/
06
Fredrik Ljungberg
72.6%
2006/
07
Fredrik Ljungberg
72.6%
2007/
08
Bacary Sagna
71.7%
2008/
09
Bacary Sagna
71.7%
2009/
10
Bacary Sagna
71.7%
2010/
11
Bacary Sagna
71.7%
2011/
12
Bacary Sagna
71.7%
2013/
14
Bacary Sagna
71.7%
2003/
04
Gilberto Silva
71.2%
2004/
05
Gilberto Silva
71.2%
2005/
06
Gilberto Silva
71.2%
2006/
07
Gilberto Silva
71.2%
2003/
04
Kolo Toure
70.9%
2004/
05
Kolo Toure
70.9%
2005/
06
Kolo Toure
70.9%
2006/
07
Kolo Toure
70.9%
2007/
08
Kolo Toure
70.9%
2010/
11
Jack Wilshere
69.7%
2013/
14
Jack Wilshere
69.7%
2014/
15
Jack Wilshere
69.7%
2007/
08
Gael Clichy
69.6%
2008/
09
Gael Clichy
69.6%
2009/
10
Gael Clichy
69.6%
2010/
11
Gael Clichy
69.6%
1996/
97
Martin Keown
69.5%
1998/
99
Martin Keown
69.5%
1999/
00
Martin Keown
69.5%
2000/
01
Martin Keown
69.5%
2002/
03
Martin Keown
69.5%
1996/
97
Ian Wright
68.5%
1997/
98
Ian Wright
68.5%
2001/
02
Lauren
67.2%
2002/
03
Lauren
67.2%
2003/
04
Lauren
67.2%
2004/
05
Lauren
67.2%
2005/
06
Lauren
67.2%
2008/
09
Manuel Almunia
67%
2009/
10
Manuel Almunia
67%
2010/
11
Manuel Almunia
67%
1996/
97
Lee Dixon
66.7%
1998/
99
Lee Dixon
66.7%
1999/
00
Lee Dixon
66.7%
2000/
01
Lee Dixon
66.7%
1997/
98
Emmanuel Petit
65.6%
1998/
99
Emmanuel Petit
65.6%
1999/
00
Emmanuel Petit
65.6%
2015/
16
Francis Coquelin
64.1%
2016/
17
Francis Coquelin
64.1%
2008/
09
Samir Nasri
62.9%
2010/
11
Samir Nasri
62.9%
1997/
98
Marc Overmars
62.8%
1998/
99
Marc Overmars
62.8%
2006/
07
Emmanuel Adebayor
62.4%
2008/
09
Emmanuel Adebayor
62.4%
2014/
15
Calum Chambers
62.4%
2016/
17
Calum Chambers
62.4%
2011/
12
Wojciech Szczesny
61.2%
2012/
13
Wojciech Szczesny
61.2%
2013/
14
Wojciech Szczesny
61.2%
2014/
15
Wojciech Szczesny
61.2%
Season
Player Name
% Correct
2001/
02
Sylvain Wiltord
60.9%
2002/
03
Sylvain Wiltord
60.9%
2003/
04
Sylvain Wiltord
60.9%
1996/
97
Nigel Winterburn
60.9%
1997/
98
Nigel Winterburn
60.9%
1998/
99
Nigel Winterburn
60.9%
1999/
00
Nigel Winterburn
60.9%
1997/
98
Ray Parlour
60.2%
1998/
99
Ray Parlour
60.2%
1999/
00
Ray Parlour
60.2%
2000/
01
Ray Parlour
60.2%
2001/
02
Ray Parlour
60.2%
2002/
03
Ray Parlour
60.2%
2012/
13
Mikel Arteta
56.8%
2014/
15
Mikel Arteta
56.8%
2007/
08
Mathieu Flamini
56.3%
1998/
99
Nicolas Anelka
54.7%
2014/
15
Mathieu Debuchy
53.5%
2015/
16
Mathieu Debuchy
53.5%
2013/
14
Alex Oxlade-Chamberlain
53.3%
2015/
16
Alex Oxlade-Chamberlain
53.3%
2007/
08
William Gallas
53.2%
2008/
09
William Gallas
53.2%
2009/
10
William Gallas
53.2%
2016/
17
Rob Holding
52.9%
2002/
03
Edu
52.5%
2007/
08
Tomas Rosicky
52.5%
2011/
12
Tomas Rosicky
52.5%
2013/
14
Tomas Rosicky
52.5%
2004/
05
Jose Antonio Reyes
52.4%
1996/
97
Steve Bould
52.1%
1997/
98
Steve Bould
52.1%
2016/
17
Alex Iwobi
52.1%
1999/
00
Nwankwo Kanu
51.5%
2000/
01
Nwankwo Kanu
51.5%
2009/
10
Andrey Arshavin
50.8%
2010/
11
Andrey Arshavin
50.8%
2011/
12
Andrey Arshavin
50.8%
2009/
10
Alex Song
46.3%
2011/
12
Alex Song
46.3%
2009/
10
Thomas Vermaelen
46.2%
2010/
11
Thomas Vermaelen
46.2%
2011/
12
Thomas Vermaelen
46.2%
2012/
13
Thomas Vermaelen
46.2%
2008/
09
Nicklas Bendtner
46%
2009/
10
Nicklas Bendtner
46%
2005/
06
Philippe Senderos
45.7%
2006/
07
Emmanuel Eboue
45%
2007/
08
Emmanuel Eboue
45%
2008/
09
Emmanuel Eboue
45%
2010/
11
Emmanuel Eboue
45%
2006/
07
Aliaksandr Hleb
44.8%
2007/
08
Aliaksandr Hleb
44.8%
2010/
11
Abou Diaby
42.2%
2012/
13
Abou Diaby
42.2%
2012/
13
Lukas Podolski
41.7%
2008/
09
Denilson
40.1%
2009/
10
Denilson
40.1%
2004/
05
Pascal Cygan
39.1%
2016/
17
Mohamed Elneny
37.6%
2010/
11
Marouane Chamakh
36.3%
1996/
97
Paul Merson
36.2%
2006/
07
Johan Djourou
35.9%
2008/
09
Johan Djourou
35.9%
1997/
98
Gilles Grimandi
31.2%
1999/
00
Gilles Grimandi
31.2%
2000/
01
Gilles Grimandi
31.2%
2011/
12
Gervinho
30.7%
2012/
13
Gervinho
30.7%
2012/
13
Carl Jenkinson
30.5%
1999/
00
Alex Manninger
29.5%
1996/
97
David Platt
28.2%
2014/
15
Yaya Sanogo
25.2%
1996/
97
John Hartson
21%
2000/
01
Sylvinho
20.5%
1997/
98
Remi Garde
18.5%
2006/
07
Justin Hoyte
14.8%
Quiz Playlist
Details
Report
Send in Message
Add To Playlist
Classic:
Type in answers that appear in a list
Last Updated: Feb 16, 2017
Quiz Scoreboard
CHALLENGE
Sign Up to Join the Scoreboard
Show All
Scores
Hide
Comments
May contain spoilers
Recently Published
College Basketball Coaching Resumes
by pancakes188
Sports
9m
Billboard Blitz: Fleetwood Mac
by CooCooCachoo
Music
15s
Presidents Visiting Landmarks
by Hejman
History
7m
More to Explore
Quiz From the Vault
Featured Blog Post
Where Did the Easter Bunny Come From?
hide this ad
You Might Also Like...
Tags
Premier League Quiz
Soccer Quiz
Arsenal
Today's Top Quizzes in Sports
Browse Sports
hide this ad
Today's Top Quizzes in Premier League
Browse Premier League
Top Contributed Quizzes in Sports
1
2022 World Cup Stars
2
Les meilleurs buteurs des matchs entre le PSG et l’OM
3
FIFA Club World Cup Champions
4
Les entraîneurs de l'OM et du PSG au 21e siècle
5
Criteria MLB: Left Handed Sluggers
6
AFC Teams Reveal (Wrong Answers Minefield)
7
5-to-1: UK Sports Teams
8
5-to-1: FBS Animal Nicknames
9
2023 MLB Unique Player Accomplishments
10
Name the Premier League winners with different clubs
Explore More
Trending Topics
Marvel
Crossword
Kpop
NBA
Disney
Anime
Harry Potter
Country
WWE
The Office
Soccer
NFL
Puzzle
Pokémon
Song
hide this ad
More By:
SquawkaFootball
Quiz
Plays
Rating
Category
Featured
Created
Barcelona top 25 most expensive signings
100,197
4.00
Sports
Jul 21, 2016
Ballon d'Or top three since 2000
87,689
4.53
Sports
Nov 30, 2015
Premier League record signings
60,346
1.60
Sports
Feb 1, 2017
Top 20 Most Expensive Manchester United Transfers
54,679
4.21
Sports
Jun 27, 2016
Premier League clean sheets
52,574
1.43
Sports
Mar 8, 2020
Go to Creator's Profile
Score Distribution
Quiz Creator Spotlight
SquawkaFootball
Follow
Send a Message
Quizzes Created
-
Created Quiz Play Count
-
More By This Creator
Popular Quizzes Today
1
Find the US States - No Outlines Minefield
2
Find the Countries of Europe - No Outlines Minefield
3
The Countries of the World
4
Find the US States
5
Risky Map Clicking: Biggest States A-Z
6
US States
7
Popular People in 1961
8
Movies - When Are They Set?
More Sports Quizzes
WWE Raw & Smackdown Women's Champions
Quiz Lab
Trending Quizzes
Risky Map Clicking: Least Populous States A-Z
1-10 Letter G Words
1-10 Letter F Words
Risky Map Clicking: Next State Alphabetically
Risky Map Clicking: Biggest States A-Z
Recently Updated
Leaping Animals
pecheneg
Reality TV Shows (A-Z)
bhenderson79
Rickey Henderson's Hall of Fame Teammates
pecheneg
Champions League XIs: Arsenal
pecheneg
Quick Pick: Celebrities in WWE's Hall of Fame
aduchscher
A-Z Keypad Blitz II
pecheneg
Multiple Oscar Actors
pecheneg
Mystery Phrase Blitz: Oscar 'Best Actors'
pecheneg
F. Scott Fitzgerald Novels
LTH
Pick 3 Villains
ddd62291
Trending Topics
Anime
Crossword
Marvel
Disney
Kpop
NBA
Harry Potter
Song
Puzzle
Country
Soccer
WWE
NFL
The Office
Pokémon
Your Account Isn't Verified!
In order to create a playlist on Sporcle, you need to verify the email address you used during registration. Go to your
Sporcle Settings
to finish the process.
Report this User
Report this user for behavior that violates our
Community Guidelines
.
Details:
Send Report
Go to the Sporcle.com Mobile Site →
Comments